| 000 | 00639nam a22002177a 4500 | ||
|---|---|---|---|
| 005 | 20230717092358.0 | ||
| 008 | 230715b ||||| |||| 00| 0 eng d | ||
| 040 | _cAL | ||
| 041 | _aEnglish | ||
| 082 |
_223 _a297 _bMAUT |
||
| 100 |
_aSayyid Abul Ala Maududi _9127237 |
||
| 245 | _aTowards Understanding Islam | ||
| 260 |
_aNew Delhi _bMarkazi Maktaba Islami Publishers _c2008 |
||
| 300 |
_a144 p. _bPB _c21.5x14 cm. |
||
| 650 |
_aIslam _9127203 |
||
| 650 |
_aReligion _9127238 |
||
| 650 |
_aIslam--Doctrines _9127204 |
||
| 650 |
_aIslam--Study and teaching _9127205 |
||
| 700 |
_aMAUDUDI (Sayyid Abul Ala) _9127206 |
||
| 942 |
_2ddc _cDB |
||
| 999 |
_c227906 _d227906 |
||